000 00666nam a22002177a 4500
003 IBSLLIB
005 20260513055058.0
008 260513b |||||||| |||| 00| 0 eng d
020 _a0316057908
040 _aIBSLLIB
_beng
041 _hEnglish
082 _a153.4
_bGLA
100 _aGladwell , Malcolm
245 _aBlink
_bThe Power Of Thinking Without Thinking
260 _aNew York :
_bBack Bay Books Little , Brown And Company ,
_c2005
300 _a292 P ;
_c17 cm
650 _aThe Power Of Thinking Without Thinking
653 _aThe Statue That Didn't Look Right
653 _aThe Locked Door: The Secret Life Of Snap Decisions
942 _cLBK
999 _c22117
_d22117